Kvalita života ako pojem a problém sociálnej politiky a sociálnej práce

Pojem kvalita ako filozofická kategória. Pojem život ako biologický fenomén. Definícia pojmu kvalita života. Kvalita života a príbuzné pojmy. Životný štýl. K problému ukazovateľov kvality života.

Salvato in:
Dettagli Bibliografici
Autore principale: Halečka, Tibor
Natura: Capitolo di libro
Lingua:slovacco
Soggetti:
Tags: Aggiungi Tag
Nessun Tag, puoi essere il primo ad aggiungerne!!

MARC

LEADER 00000naa a2200000 4500
001 r043748
005 20230807085345.9
041 0 |a slo 
044 |a SK 
245 1 0 |a Kvalita života ako pojem a problém sociálnej politiky a sociálnej práce  |c Tibor Halečka 
520 |a Pojem kvalita ako filozofická kategória. Pojem život ako biologický fenomén. Definícia pojmu kvalita života. Kvalita života a príbuzné pojmy. Životný štýl. K problému ukazovateľov kvality života. 
610 2 0 |a štýl životný 
610 2 0 |a kvalita života 
610 2 0 |a úroveň životná 
610 2 0 |a filozofia 
610 2 0 |a individualita 
610 2 0 |a osobnosť 
610 2 0 |a sociológia psychologická 
610 2 0 |a práca sociálna 
610 2 0 |a politika sociálna 
100 1 |a Halečka, Tibor